000 004420000a22001690004500
003 MACL
005 20160101123012.0
008 160101b xxu||||| |||| 00| 0 eng d
040 _aMACL
_cMACL
041 _aEnglish
082 _a376/CHI
100 _aChiplunkar, G M
_925770
245 _aThe Scientific Basis of Woman's Education
260 _bShri Ganesh Printing
_c1930
_aPoona
650 _aEducation
_926234
942 _cBK
_k376/CHI
_2ddc
999 _c36630
_d36630